01450nam a2200373 a 4500001001200000003000800012006001900020007001500039008004100054010001700095015001900112016001800131020002200149020001800171040002100189035002100210050002500231082001600256245013600272260005800408300001500466504006800481533015200549600004000701630002100741630004300762650004300805655002900848700002100877700001800898710001700916856012600933999001701059ebr10271651CaPaEBRm u cr cn|||||||||050929s2005 enk sb 001 0 eng d z 2005296181 aGBA5180592bnb7 z0131242542Uk z0199274851 (hbk.) z9780199274857 aCaPaEBRcCaPaEBR a(OCoLC)31108112214aBR65.A9bA845 2005eb04a230.04122200aAugustine and the disciplinesh[electronic resource] :bfrom Cassiciacum to Confessions /cedited by Karla Pollman and Mark Vessey. aOxford ;aNew York :bOxford University Press,c2005. axi, 258 p. aIncludes bibliographical references (p. [232]-244) and indexes. aElectronic reproduction.bPalo Alto, Calif. :cebrary,d2013.nAvailable via World Wide Web.nAccess may be limited to ebrary affiliated libraries.00aAugustine,cSaint, Bishop of Hippo.00aBiblexTheology.00aBiblexCriticism, interpretation, etc. 0aChurch historyyMiddle Ages, 600-1500. 7aElectronic books.2local1 aPollmann, Karla.1 aVessey, Mark.2 aebrary, Inc.40uhttp://site.ebrary.com/lib/rucke/Doc?id=10271651zAn electronic book accessible through the World Wide Web; click to view c22341d22341